Applications of advanced technologies in transportation engineering : (Record no. 548120)

000 -LEADER
fixed length control field 01204cam a2200217 a 4500
020 ## - INTERNATIONAL STANDARD BOOK NUMBER
International Standard Book Number 0784401462
022 ## - INTERNATIONAL STANDARD SERIAL NUMBER
International Standard Serial Number 0784401462
082 00 - DEWEY DECIMAL CLASSIFICATION NUMBER
Classification number 629.04
Author Mark APP
-- L-39, P-186
245 00 - TITLE STATEMENT
Title Applications of advanced technologies in transportation engineering :
Remainder of title proceedings of the 4th international conference, Capri, Italy, June 27-30, 1995 /
Statement of responsibility, etc. sponsored by the Committee of Advanced Technology of the Urban Transportation Division and the Highway Division of the American Society of Civil Engineers ; co-sponsored by the CNR-IASI, CNR-PFT2, the U.S. Federal Highway Administration ; edited by Yorgos J. Stephanedes and Francesco Filippi.
260 ## - PUBLICATION, DISTRIBUTION, ETC.
Place of publication, distribution, etc. New York, N.Y. :
Name of publisher, distributor, etc. ASCE,
Date of publication, distribution, etc. c1996.
300 ## - PHYSICAL DESCRIPTION
Extent xviii, 724 p. :
Other physical details ill., maps ;
Dimensions 22 cm.
526 ## - STUDY PROGRAM INFORMATION NOTE
Program name 0
Interest level 0
Reading level 0
Title point value 629_040000000000000_APP
650 #0 - SUBJECT ADDED ENTRY--TOPICAL TERM
Topical term or geographic name entry element Electronics in transportation
General subdivision Congresses.
9 (RLIN) 44291
650 #0 - SUBJECT ADDED ENTRY--TOPICAL TERM
Topical term or geographic name entry element Motor vehicles
General subdivision Automatic location systems
-- Congresses.
9 (RLIN) 44292
650 #0 - SUBJECT ADDED ENTRY--TOPICAL TERM
Topical term or geographic name entry element Transportation engineering
General subdivision Congresses.
9 (RLIN) 44293
700 1# - ADDED ENTRY--PERSONAL NAME
Personal name Filippi, Francesco.
9 (RLIN) 44294
700 1# - ADDED ENTRY--PERSONAL NAME
Personal name Stephanedes, Yorgos J.
9 (RLIN) 44295
710 2# - ADDED ENTRY--CORPORATE NAME
Corporate name or jurisdiction name as entry element American Society of Civil Engineers.
9 (RLIN) 702
710 2# - ADDED ENTRY--CORPORATE NAME
Corporate name or jurisdiction name as entry element American Society of Civil Engineers.
9 (RLIN) 702
942 ## - ADDED ENTRY ELEMENTS (KOHA)
Source of classification or shelving scheme
Koha item type Book
Holdings
Withdrawn status Lost status Source of classification or shelving scheme Damaged status Not for loan Permanent Location Current Location Date acquired Total Checkouts Full call number Barcode Date last seen Price effective from Koha item type
          Military College of Engineering (MCE) Military College of Engineering (MCE) 08/21/2014   629.04 APP MCE-43483 08/21/2014 08/21/2014 Book
© 2023 Central Library, National University of Sciences and Technology. All Rights Reserved.